000
00343 a2200121 4500
001
ART_7211
005
20260410161700.0
008
260409a
245
1
0
_a
Apuntes de la Crisis Global
100
1
_a
Carrera, Jorge E.
700
1
_a
Grillo, Federico
773
0
_t
Ensayos Económicos
_g
- Nº 57/58 (ene./jun. 2010)
_w
REV620
999
_c
15071
_d
15071